000 00381nam a2200133Ia 4500
008 190704s9999||||xx |||||||||||||| ||und||
020 _a9780571202287
082 _a791.433
_bWIL/T
100 _aWilliams, Richard
245 4 _aThe Animator's Survival Kit, A Manual of Methods, Principles and Formulas:
260 _aNew yark
_bFaber and Faber
_c2001
300 _a342p.
942 _cBK
999 _c6369
_d6369